[Event "Fide Women Grand Prix Khanty-Mansiysk 2"]
[Site "Khanty Mansiysk RUS"]
[Date "2014.04.20"]
[Round "10.6"]
[White "Kosteniuk, Alexandra"]
[Black "Muminova, Nafisa"]
[Result "1-0"]
[WhiteElo "2527"]
[BlackElo "2321"]
[PlyCount "107"]
[EventDate "2014.04.09"]
[EventType "tourn"]
[EventRounds "11"]
[EventCountry "RUS"]
[EventCategory "10"]
[Source "lmi"]
[SourceDate "2014.04.09"]

1. d4 e6 2. c4 Nf6 3. Nf3 d5 4. Nc3 Bb4 5. Bg5 Nbd7 6. cxd5 exd5 7. Qc2 h6 8.
Bh4 g5 9. Bg3 Ne4 10. Nd2 Nxg3 11. hxg3 Nb6 12. e3 c6 13. Bd3 Qf6 14. a3 Bf8
15. e4 Qxd4 16. O-O-O Bg7 17. exd5 Nxd5 18. Rhe1+ Be6 19. Nb3 Qf6 20. Nxd5 cxd5
21. Bb5+ Kf8 22. Nd4 Bg4 23. f3 Qb6 24. Qc3 Bxd4 25. Rxd4 Rc8 26. Rc4 d4 27.
Qd3 Rxc4+ 28. Bxc4 Bh5 29. Re4 Bg6 30. Qxd4 Qxd4 31. Rxd4 Ke7 32. Kd2 Rc8 33.
Ke3 a6 34. a4 Bc2 35. a5 Rc6 36. Bd5 Rc5 37. b4 Rc3+ 38. Kd2 Rc7 39. Bxb7 Rxb7
40. Kxc2 Rc7+ 41. Kb2 f5 42. Rd1 Rc6 43. Kb3 Rc7 44. Rh1 Rc6 45. b5 axb5 46.
Ra1 Kd6 47. a6 Rc8 48. Rd1+ Ke5 49. Kb4 g4 50. a7 h5 51. f4+ Ke4 52. Re1+ Kd4
53. Kxb5 Rg8 54. Re5 1-0

[Event "Fide Women Grand Prix Khanty-Mansiysk 2"]
[Site "Khanty Mansiysk RUS"]
[Date "2014.04.21"]
[Round "11.3"]
[White "Dzagnidze, Nana"]
[Black "Zhao, Xue"]
[Result "0-1"]
[WhiteElo "2550"]
[BlackElo "2552"]
[PlyCount "80"]
[EventDate "2014.04.09"]
[EventType "tourn"]
[EventRounds "11"]
[EventCountry "RUS"]
[EventCategory "10"]
[Source "lmi"]
[SourceDate "2014.04.09"]

1. d4 Nf6 2. c4 e6 3. Nf3 b6 4. a3 Bb7 5. Nc3 g6 6. Qc2 c5 7. dxc5 bxc5 8. Bf4
Nh5 9. Bg5 f6 10. Be3 f5 11. Rd1 Nc6 12. Bg5 Be7 13. Bxe7 Qxe7 14. e3 O-O 15.
Be2 Rad8 16. O-O g5 17. Ne1 g4 18. Nd3 a5 19. g3 Nf6 20. f3 h5 21. Rf2 d6 22.
Nb5 gxf3 23. Bxf3 Ng4 24. Bxg4 hxg4 25. Qc3 Ba8 26. Kf1 Rd7 27. Rdd2 Rb8 28. a4
Rf8 29. b3 Kh7 30. Ke1 Nd8 31. Qxa5 Nf7 32. Nf4 Ng5 33. Kd1 Ne4 34. Kc1 Qf6 35.
Kb1 Bb7 36. Qb6 Ra8 37. Nxd6 Nxf2 38. Qxc5 Ne4 39. Qb5 Nxd2+ 40. Kc2 Qe7 0-1

[Event "Fide Women Grand Prix Khanty-Mansiysk 2"]
[Site "Khanty Mansiysk RUS"]
[Date "2014.04.21"]
[Round "11.4"]
[White "Batchimeg, Tuvshintugs"]
[Black "Girya, Olga"]
[Result "1/2-1/2"]
[WhiteElo "2340"]
[BlackElo "2450"]
[PlyCount "137"]
[EventDate "2014.04.09"]
[EventType "tourn"]
[EventRounds "11"]
[EventCountry "RUS"]
[EventCategory "10"]
[Source "lmi"]
[SourceDate "2014.04.09"]

1. d4 d5 2. c4 c6 3. cxd5 cxd5 4. Nc3 Nf6 5. Bf4 Nc6 6. e3 Bf5 7. Qb3 Na5 8.
Qa4+ Bd7 9. Qc2 Rc8 10. Bd3 e6 11. Nf3 Be7 12. O-O a6 13. Ne5 Bb5 14. Bxb5+
axb5 15. Qe2 b4 16. Qb5+ Nc6 17. Na4 O-O 18. Qxb7 Nxe5 19. Bxe5 Rc2 20. Bxf6
gxf6 21. Rac1 Qc8 22. Qxc8 Rfxc8 23. Rxc2 Rxc2 24. Rd1 Kf8 25. Kf1 Ke8 26. Ke1
b3 27. axb3 Bb4+ 28. Kf1 Kd7 29. g4 Kc6 30. Kg2 Kc7 31. Kf3 Kc6 32. h4 h6 33.
Rg1 Kc7 34. Rf1 Kd6 35. Ra1 Ke7 36. Rg1 Kd6 37. Rf1 e5 38. dxe5+ fxe5 39. Rd1
Ke6 40. Nb6 Rc5 41. e4 dxe4+ 42. Kxe4 Rc2 43. f4 exf4 44. Nd5 Bd6 45. Nxf4+
Bxf4 46. Kxf4 Rxb2 47. Rd3 Rb1 48. Rc3 Kd5 49. Rc7 Rf1+ 50. Kg3 f5 51. gxf5
Rxf5 52. Kg4 Rf6 53. Rb7 Kc6 54. Rh7 Kd5 55. Kh5 Rb6 56. Rxh6 Rxb3 57. Rf6 Ke5
58. Ra6 Kf5 59. Kh6 Rb8 60. Ra4 Rb6+ 61. Kh5 Rb8 62. Ra5+ Kf6 63. Ra6+ Kg7 64.
Ra7+ Kg8 65. Kg6 Rb6+ 66. Kg5 Rb5+ 67. Kg6 Rb6+ 68. Kg5 Rb5+ 69. Kg6 1/2-1/2

[Event "Fide Women Grand Prix Khanty-Mansiysk 2"]
[Site "Khanty Mansiysk RUS"]
[Date "2014.04.21"]
[Round "11.5"]
[White "Kosintseva, Tatiana"]
[Black "Muzychuk, Anna"]
[Result "1/2-1/2"]
[WhiteElo "2496"]
[BlackElo "2560"]
[PlyCount "73"]
[EventDate "2014.04.09"]
[EventType "tourn"]
[EventRounds "11"]
[EventCountry "RUS"]
[EventCategory "10"]
[Source "lmi"]
[SourceDate "2014.04.09"]

1. e4 c5 2. Nf3 Nc6 3. d4 cxd4 4. Nxd4 Nf6 5. Nc3 e5 6. Ndb5 d6 7. Bg5 a6 8.
Na3 b5 9. Nd5 Be7 10. Bxf6 Bxf6 11. c4 Nd4 12. cxb5 Be6 13. Bc4 axb5 14. Bxb5+
Kf8 15. Bc4 Qa5+ 16. Qd2 Bd8 17. Qxa5 Bxa5+ 18. Kd1 f5 19. f3 Rc8 20. b3 fxe4
21. fxe4 g6 22. Nc2 Bg4+ 23. Kc1 Be2 24. Nce3 Kg7 25. Kb2 Rhf8 26. Bxe2 Rf2 27.
Rac1 Rxe2+ 28. Kb1 Ra8 29. Nc2 Nb5 30. b4 Bd8 31. Rce1 Rxg2 32. Reg1 Rd2 33.
Rd1 Rg2 34. Rdg1 Rd2 35. Rd1 Rg2 36. Rdg1 Rd2 37. Rd1 1/2-1/2

[Event "Fide Women Grand Prix Khanty-Mansiysk 2"]
[Site "Khanty Mansiysk RUS"]
[Date "2014.04.21"]
[Round "11.6"]
[White "Hou, Yifan"]
[Black "Kosteniuk, Alexandra"]
[Result "1/2-1/2"]
[WhiteElo "2618"]
[BlackElo "2527"]
[PlyCount "105"]
[EventDate "2014.04.09"]
[EventType "tourn"]
[EventRounds "11"]
[EventCountry "RUS"]
[EventCategory "10"]
[Source "lmi"]
[SourceDate "2014.04.09"]

1. g3 d5 2. Nf3 Nf6 3. Bg2 e6 4. d4 b5 5. a4 b4 6. a5 c5 7. c4 bxc3 8. Nxc3 Nc6
9. O-O Ba6 10. Bg5 Rc8 11. Qa4 Qd7 12. dxc5 Bxc5 13. Rfc1 Nb4 14. Ne5 Qxa4 15.
Nxa4 Bd6 16. Rxc8+ Bxc8 17. Rc1 Ke7 18. Bd2 Bxe5 19. Bxb4+ Bd6 20. Bxd6+ Kxd6
21. Nc5 Nd7 22. Nb3 Ne5 23. Nd4 Bd7 24. f4 Nc4 25. b3 Ne3 26. Bh3 h5 27. Rc3
Ng4 28. Bg2 Rb8 29. h3 Nf6 30. e3 Ne8 31. Kf2 f6 32. Nc2 Nc7 33. e4 Nb5 34. Rd3
Rc8 35. Rd2 Nc3 36. Ne3 Nb1 37. Rd1 Nc3 38. Rd2 Nb1 39. Rb2 Nc3 40. exd5 Nxd5
41. Rd2 Bc6 42. f5 Ke7 43. Bxd5 Bxd5 44. Nxd5+ exd5 45. Rxd5 Rb8 46. Rd3 Rb5
47. Re3+ Kd7 48. g4 hxg4 49. hxg4 Rxa5 50. Kg3 Ra1 51. Rd3+ Ke7 52. Re3+ Kd7
53. Rd3+ 1/2-1/2